000 00392pab a2200157 454500
008 180718b1996 xxu||||| |||| 00| 0 eng d
100 _aKaushik, K.K.
245 _aSustainable agriculture: issues and policy implications
260 _c1996
300 _ap.87-95
362 _aAutumn
650 _aSustainable development
650 _aAgriculture
773 _aAbhigyan
909 _a32805
999 _c32805
_d32805